000 00714nam a2200253Ia 4500
003 OSt
005 20220928120816.0
006 a|||||r|||| 00| 0
007 ta
008 220927b |||||||| |||| 00| 0 eng d
024 _a35242
037 _cTextual
040 _aSDCL
_cSDCL
_beng
041 _2eng
_aeng
082 _aW, P4
100 _aGreen December
_9438343
245 0 _aComparative politics of the third world
_bLinking concepts and cases
260 _aNew Delhi
_bViva Books
_c2004
300 _axii,538p
_ccm.
650 _aPolitical Science
700 _a Luehrmann Laura
_9438344
942 _hW, P4
_cTEXL
_2CC
999 _c765343
_d765343